000 00681nam a22001577a 4500
003 OSt
005 20151030144254.0
008 151030b xxu||||| |||| 00| 0 eng d
040 _cRUA
082 _aVTF NOU 2004 B114 Or.1
100 _93068
_aNOU, NAVY.
245 _aSurvey on control of animal movement and animal by-product at svay rieng border, ការអង្កេតពីការត្រួតពិនិត្យចលនាសត្វ និងផលិតផលមានដើមកំណើតពីសត្វ ចេញ-ចូលច្រកស្វាយរៀង
260 _aPhnom Penh
_bRUA
_c2004
300 _avii; 41p.
_bill.
_c29cm.
942 _2ddc
_cVTF`
999 _c2860
_d2860